Consumer perceptions of promotional aktivity.
Výsledky výskumu vplyvu reklamných aktivít na rozhodnutie o kúpe. Úloha očakávaných znížení cien pri výbere tovaru. Zistenie účinnosti reklamy pri preferovaní niektorých značiek výrobkov. Informačná hodnota reklamy.
Salvato in:
| Autore principale: | |
|---|---|
| Altri autori: | , |
| Natura: | Capitolo di libro |
| Lingua: | inglese |
| Soggetti: | |
| Tags: |
Nessun Tag, puoi essere il primo ad aggiungerne!!
|
MARC
| LEADER | 00000naa a2200000 4500 | ||
|---|---|---|---|
| 001 | r004826 | ||
| 005 | 20221213084240.8 | ||
| 041 | 0 | |a eng | |
| 044 | |a US | ||
| 245 | 1 | 0 | |a Consumer perceptions of promotional aktivity. |c A. Krishna, I.S. Currim, R.W. Shoemaker |
| 520 | |a Výsledky výskumu vplyvu reklamných aktivít na rozhodnutie o kúpe. Úloha očakávaných znížení cien pri výbere tovaru. Zistenie účinnosti reklamy pri preferovaní niektorých značiek výrobkov. Informačná hodnota reklamy. | ||
| 610 | 2 | 0 | |a reklama |
| 610 | 2 | 0 | |a zákazníci |
| 610 | 2 | 0 | |a údaje štatistické |
| 610 | 2 | 0 | |a prieskum spotrebiteľský |
| 100 | 1 | |a Krishna, A. | |
| 700 | 1 | |a Currim, I.S. | |
| 700 | 1 | |a Shoemaker, R.W. | |